| 000 | 00896nam a2200229 a 4500 | ||
|---|---|---|---|
| 001 | 000006377 | ||
| 005 | 20240412074204.0 | ||
| 008 | 090828s2008 dr a 000 p spa d | ||
| 040 |
_aDO-SdBNP _bspa _cBNPHU |
||
| 082 |
_aRD861.44 _bP433tr |
||
| 100 | 1 |
_aPerdomo, Ramón _917744 |
|
| 245 | 1 | 0 |
_aTrises del recuerdo / _cRamón Perdomo ; prólogo Víctor Villegas. |
| 260 |
_aSan Pedro de Macorís, República Dominicana : _bCemex : _bGobierno Municipal San Pedro de Macorís, _c2008. |
||
| 300 |
_a71 p. : _bil. ; _c21 cm. |
||
| 500 | _aIncluye datos biográficos del autor en la solapa de la contracubierta. | ||
| 590 | _aLa biblioteca posee 3 ejemplares autográfiados por el autor. | ||
| 590 | _aInventariado, 2018/LP | ||
| 650 | 0 |
_aPoesía dominicana _966 |
|
| 650 | 0 |
_aLiteratura dominicana. _967 |
|
| 700 | 1 |
_aVillegas, Víctor, _epról. _97744 |
|
| 910 | _aValidado. Control de calidad BNPHU | ||
| 999 |
_c6172 _d6172 |
||